000 00320nam a2200121Ia 4500
005 20251223000717.0
008 251222s9999||||xx |||||||||||||| ||spa||
082 _a343.6/P85
245 0 _aBases del Plan Nacional de Regionalización
250 _a1ra.ed.
264 _bPresidencia del Consejo de Ministros
942 _cLIB
999 _c41512
_d41512